[Event "ESP-ch 88th"]
[Site "Marbella"]
[Date "2023.10.17"]
[Round "5"]
[White "Saenz Narciso, Miguel Angel"]
[Black "Vazquez Pino, Miguel Angel"]
[Result "1/2-1/2"]
[WhiteElo "2172"]
[BlackElo "2059"]
[PlyCount "61"]
[EventDate "2023.10.13"]
[EventType "swiss"]
[EventRounds "9"]
[EventCountry "ESP"]
[SourceTitle "Mega2024 Update 01"]
[Source "Chessbase"]
[SourceDate "2023.11.12"]
[SourceVersion "1"]
[SourceVersionDate "2023.11.12"]
[SourceQuality "1"]

1. d4 Nf6 2. Nf3 e6 3. g3 b6 4. Bg2 Bb7 5. 0-0 Be7 6. c4 0-0 7. Nc3 Ne4 8. Nxe4 Bxe4 9. d5 Bf6 10. Nd4 Bxg2 11. Kxg2 Qe7 12. Qd3 Na6 13. Rd1 Rfe8 14. dxe6 dxe6 15. Qc2 Nb4 16. Qb3 Rad8 17. a3 c5 18. axb4 cxd4 19. Bd2 Rc8 20. b5 Qb7+ 21. Qf3 Qxf3+ 22. Kxf3 Rxc4 23. Rdc1 Rxc1 24. Rxc1 h6 25. Rc7 Ra8 26. Ke4 a6 27. Rb7 axb5 28. Rxb6 d3 29. Kxd3 Bxb2 30. Rxb5 Bf6 31. Ke4 1/2-1/2

[Event "ESP-ch 88th"]
[Site "Marbella"]
[Date "2023.10.13"]
[Round "1"]
[White "Saenz Narciso, Miguel Angel"]
[Black "Gines Esteo, Pedro Antonio"]
[Result "0-1"]
[WhiteElo "2172"]
[BlackElo "2490"]
[PlyCount "92"]
[EventDate "2023.10.13"]
[EventType "swiss"]
[EventRounds "9"]
[EventCountry "ESP"]
[SourceTitle "Mega2024 Update 01"]
[Source "Chessbase"]
[SourceDate "2023.11.12"]
[SourceVersion "1"]
[SourceVersionDate "2023.11.12"]
[SourceQuality "1"]

1. d4 Nf6 2. Nc3 d6 3. e4 e5 4. dxe5 dxe5 5. Qxd8+ Kxd8 6. Bc4 Be6 7. Bxe6 fxe6 8. Bd2 Bd6 9. f3 Ke7 10. 0-0-0 a6 11. h4 Nbd7 12. h5 h6 13. Nge2 b5 14. Rdf1 Nb6 15. b3 b4 16. Nd1 a5 17. c4 a4 18. Kc2 Ra5 19. Nb2 Nfd7 20. Nc1 Raa8 21. Ncd3 c5 22. Be3 Raf8 23. Rd1 a3 24. Na4 Nxa4 25. bxa4 Ra8 26. Kb3 Rhc8 27. g4 Nb8 28. g5 Nc6 29. gxh6 Na5+ 30. Kc2 Nxc4 31. Bg5+ Kf7 32. hxg7 Kxg7 33. Rhg1 Kh7 34. Kb1 Rab8 35. Bf6 Rg8 36. f4 Nd2+ 37. Kc2 Nf3 38. Rxg8 Rxg8 39. Nxe5 Rg2+ 40. Kb1 Bxe5 41. Bxe5 c4 42. a5 c3 43. Rd7+ Kh6 44. Rb7 Nd2+ 45. Kc1 Nb3+ 46. axb3 a2 0-1

[Event "Sanxenxo Carlos op 12th"]
[Site "Sanxenxo"]
[Date "2021.06.28"]
[Round "3"]
[White "Gonzalez Gonzalez, Alfonso"]
[Black "Saenz Narciso, Miguel Angel"]
[Result "0-1"]
[WhiteElo "2088"]
[BlackElo "2201"]
[PlyCount "60"]
[EventDate "2021.06.26"]
[EventType "swiss"]
[EventRounds "9"]
[EventCountry "ESP"]
[SourceTitle "CBM 203 Extra"]
[Source "ChessBase"]
[SourceDate "2021.09.30"]
[SourceVersion "1"]
[SourceVersionDate "2021.09.30"]
[SourceQuality "1"]

1. d4 Nf6 2. Bg5 c5 3. Bxf6 gxf6 4. d5 f5 5. g3 Bg7 6. c3 d6 7. Nd2 e5 8. Qc2 0-0 9. a4 e4 10. Nc4 Nd7 11. e3 b6 12. Nh3 Qc7 13. Nf4 Ba6 14. h4 Bxc4 15. Bxc4 Ne5 16. Qe2 Nf3+ 17. Kf1 Kh8 18. Qc2 Ne5 19. b3 a6 20. Kg2 Qd7 21. Be2 b5 22. Rhb1 Rfe8 23. Ra2 c4 24. b4 Nd3 25. Rba1 Qb7 26. Bh5 Be5 27. Nh3 h6 28. axb5 axb5 29. Ra5 Rxa5 30. Rxa5 Ne1+ 0-1

[Event "Rochefort op 18th Op A"]
[Site "Rochefort"]
[Date "2019.02.17"]
[Round "2.5"]
[White "Guidarelli, Laurent"]
[Black "Saenz Narciso, Miguel Angel"]
[Result "1-0"]
[WhiteElo "2465"]
[BlackElo "2204"]
[PlyCount "117"]
[EventDate "2019.02.16"]
[EventType "swiss"]
[EventRounds "9"]
[EventCountry "FRA"]
[SourceTitle "CBM 189 Extra"]
[Source "ChessBase"]
[SourceDate "2019.06.03"]
[SourceVersion "1"]
[SourceVersionDate "2019.06.03"]
[SourceQuality "1"]

1. d4 Nf6 2. c4 c5 3. d5 b5 4. cxb5 a6 5. bxa6 g6 6. Nc3 Bxa6 7. g3 d6 8. Bg2 Bg7 9. Nf3 Nbd7 10. Rb1 Nb6 11. b3 Bc8 12. Nh4 h6 13. Qc2 Qd7 14. Bb2 g5 15. Nf3 Qf5 16. e4 Qg6 17. 0-0 0-0 18. Qd1 Ng4 19. h3 Ne5 20. Nxe5 Bxe5 21. Ne2 Rxa2 22. Bxe5 dxe5 23. Nc1 Ra8 24. Nd3 Ba6 25. Nxe5 Qd6 26. Nd3 c4 27. bxc4 Nxc4 28. Re1 Ne5 29. Nxe5 Qxe5 30. Rb6 Kg7 31. Qh5 e6 32. Rd1 Bc4 33. dxe6 Bxe6 34. Qe2 Ra2 35. Rd2 Rfa8 36. Rbb2 Bc4 37. Rxa2 Rxa2 38. Qe3 Rxd2 39. Qxd2 f6 40. Qd7+ Bf7 41. Qa7 Kg8 42. Qe3 f5 43. exf5 Qxf5 44. Qd4 Qe6 45. h4 Qc4 46. Qd8+ Kg7 47. hxg5 Qc1+ 48. Kh2 hxg5 49. Qd4+ Kg8 50. Be4 Qc7 51. Qf6 Qc1 52. Qh6 Bb3 53. Bh7+ Kf7 54. Qg6+ Ke7 55. Qg7+ Ke8 56. Bg6+ Kd8 57. Qf8+ Kc7 58. Qe7+ Kb6 59. Qb4+ 1-0

[Event "Rochefort op-A17th"]
[Site "Rochefort"]
[Date "2018.02.17"]
[Round "2.7"]
[White "Shyam, Sundar M"]
[Black "Saenz Narciso, Miguel Angel"]
[Result "1-0"]
[WhiteElo "2521"]
[BlackElo "2243"]
[PlyCount "72"]
[EventDate "2018.02.17"]
[EventType "swiss"]
[EventRounds "9"]
[EventCountry "FRA"]
[SourceTitle "EXT 2019"]
[Source "ChessBase"]
[SourceDate "2018.10.10"]
[SourceVersion "1"]
[SourceVersionDate "2018.10.10"]
[SourceQuality "1"]

1. e4 c5 2. Nf3 g6 3. d4 cxd4 4. c3 Bg7 5. Bc4 d5 6. exd5 Nf6 7. Nxd4 0-0 8. Nc2 Nbd7 9. Ne3 a6 10. a4 Rb8 11. a5 b5 12. axb6 Nxb6 13. Ba2 Qc7 14. 0-0 Rd8 15. c4 e6 16. Nc3 exd5 17. Ncxd5 Nfxd5 18. cxd5 Bb7 19. Qf3 Qc5 20. Rd1 Rd7 21. Ng4 Nxd5 22. Nh6+ Kh8 23. Nxf7+ Rxf7 24. Qxf7 Rf8 25. Bxd5 Rxf7 26. Bxf7 Bd4 27. Be6 Bxf2+ 28. Kh1 Bd4 29. Bf4 g5 30. Rac1 Qb6 31. Bxg5 Qxe6 32. Rxd4 Qe5 33. Rd8+ Kg7 34. Rd7+ Kg6 35. Rxb7 Kxg5 36. b4 Qe4 1-0

[Event "ESP-ch 79th"]
[Site "Linares"]
[Date "2014.08.26"]
[Round "2"]
[White "Teran Alvarez, Ismael"]
[Black "Saenz Narciso, Miguel Angel"]
[Result "1-0"]
[WhiteElo "2388"]
[BlackElo "2192"]
[PlyCount "81"]
[EventDate "2014.08.25"]
[EventType "swiss"]
[EventRounds "9"]
[EventCountry "ESP"]
[SourceTitle "CBM 162 Extra"]
[Source "ChessBase"]
[SourceDate "2014.10.17"]
[SourceVersion "1"]
[SourceVersionDate "2014.10.17"]
[SourceQuality "1"]

1. e4 c5 2. Nf3 g6 3. d4 cxd4 4. Nxd4 Nc6 5. c4 Nf6 6. Nc3 Nxd4 7. Qxd4 d6 8. Be3 Bg7 9. f3 0-0 10. Qd2 Be6 11. Rc1 Qa5 12. Nd5 Qxd2+ 13. Kxd2 Bxd5 14. cxd5 Rfc8 15. Rxc8+ Rxc8 16. g3 b6 17. Bh3 Rc7 18. Rc1 Rxc1 19. Kxc1 Kf8 20. a4 Ke8 21. a5 bxa5 22. Bxa7 Nd7 23. Bxd7+ Kxd7 24. Bb6 a4 25. Kb1 Kc8 26. Ka2 Kb7 27. Bd8 e6 28. Ka3 exd5 29. exd5 Ka6 30. Kxa4 Bxb2 31. Be7 Be5 32. f4 Bd4 33. Bxd6 Bg1 34. h3 Bh2 35. f5 gxf5 36. Kb4 Kb6 37. Kc4 Bg1 38. Be5 Kb7 39. Kb5 Bf2 40. d6 Be3 41. Bf6 1-0

[Event "Naujac op 17th"]
[Site "Naujac"]
[Date "2014.07.03"]
[Round "6"]
[White "Saenz Narciso, Miguel Angel"]
[Black "Rijnaarts, Sjef"]
[Result "1-0"]
[WhiteElo "2212"]
[BlackElo "2346"]
[PlyCount "69"]
[EventDate "2014.06.29"]
[EventType "swiss"]
[EventRounds "9"]
[EventCountry "FRA"]
[SourceTitle "CBM 161 Extra"]
[Source "ChessBase"]
[SourceDate "2014.08.29"]
[SourceVersion "1"]
[SourceVersionDate "2014.08.29"]
[SourceQuality "1"]

1. e4 c5 2. Nf3 e6 3. d3 Nc6 4. Nbd2 d6 5. g3 g6 6. Bg2 Bg7 7. 0-0 Nge7 8. Re1 0-0 9. Nf1 h6 10. c3 e5 11. Ne3 f5 12. exf5 gxf5 13. Nh4 Be6 14. f4 Qd7 15. c4 Rae8 16. Nd5 b5 17. fxe5 dxe5 18. Nxe7+ Nxe7 19. Be3 Qd6 20. b3 bxc4 21. dxc4 Qb6 22. Qh5 Bf7 23. Qe2 Rc8 24. Rad1 Qf6 25. Qf2 Bh5 26. Rd7 Qe6 27. Rxa7 f4 28. gxf4 exf4 29. Bxc5 Qxe1+ 30. Qxe1 Rxc5 31. Qe6+ Kh8 32. Rxe7 Rg5 33. Rxg7 Kxg7 34. Kf2 Bg4 35. Qd6 1-0

[Event "Benidorm op U2300 12th"]
[Site "Benidorm"]
[Date "2013.12.03"]
[Round "6"]
[White "Saenz Narciso, Miguel Angel"]
[Black "Nava Pereda, Carlos"]
[Result "1/2-1/2"]
[WhiteElo "2191"]
[BlackElo "2273"]
[PlyCount "87"]
[EventDate "2013.11.29"]
[EventType "swiss"]
[EventRounds "10"]
[EventCountry "ESP"]
[SourceTitle "CBM 157 Extra"]
[Source "ChessBase"]
[SourceDate "2013.12.19"]
[SourceVersion "1"]
[SourceVersionDate "2013.12.19"]
[SourceQuality "1"]

1. e4 Nc6 2. Nc3 e6 3. d4 Bb4 4. a3 Ba5 5. Nf3 d6 6. Bb5 a6 7. Bxc6+ bxc6 8. b4 Bb6 9. 0-0 a5 10. Bg5 Ne7 11. Na4 Ba6 12. Re1 0-0 13. Qc1 f6 14. Be3 axb4 15. axb4 d5 16. e5 Nf5 17. c3 Bd3 18. Bf4 g5 19. Bg3 g4 20. Nh4 Nxg3 21. hxg3 Bb5 22. Nb2 Rxa1 23. Qxa1 f5 24. f4 Qa8 25. Rc1 Qb7 26. Nd1 Ra8 27. Qb2 Qa6 28. Kf2 Bd3 29. Ke3 Bc4 30. Nf2 Kg7 31. Qc2 Qa2 32. Nd3 Qa3 33. Rb1 Ra7 34. Kd2 Qa4 35. Qxa4 Rxa4 36. Nc1 Ba7 37. Kc2 Kf7 38. Kb2 Bb8 39. Nb3 Ba7 40. Rh1 Kg7 41. Rb1 Bb6 42. Rd1 Kg8 43. Rb1 Kg7 44. Rd1 1/2-1/2

[Event "Benidorm op U2300 12th"]
[Site "Benidorm"]
[Date "2013.11.30"]
[Round "2"]
[White "Saenz Narciso, Miguel Angel"]
[Black "Mascarell Canet, Ricardo"]
[Result "1-0"]
[WhiteElo "2191"]
[BlackElo "1977"]
[PlyCount "53"]
[EventDate "2013.11.29"]
[EventType "swiss"]
[EventRounds "10"]
[EventCountry "ESP"]
[SourceTitle "CBM 157 Extra"]
[Source "ChessBase"]
[SourceDate "2013.12.19"]
[SourceVersion "1"]
[SourceVersionDate "2013.12.19"]
[SourceQuality "1"]

1. e4 c5 2. Nf3 d6 3. Bb5+ Bd7 4. Bxd7+ Nxd7 5. 0-0 e6 6. c4 Be7 7. d4 cxd4 8. Nxd4 Ngf6 9. Nc3 a6 10. b3 0-0 11. Kh1 Qa5 12. Bb2 Rac8 13. Qe1 Qh5 14. Rd1 g6 15. Rd3 Rfe8 16. f4 Bf8 17. f5 exf5 18. Rh3 Qg4 19. Rh4 Qg5 20. Nf3 Qxh4 21. Qxh4 fxe4 22. Ng5 e3 23. Nd5 h6 24. Bxf6 e2 25. Re1 Nc5 26. Bc3 b5 27. Nf6+ 1-0

[Event "Naujac op"]
[Site "Naujac"]
[Date "2013.07.02"]
[Round "4"]
[White "Saenz Narciso, Miguel Angel"]
[Black "Goulesque, Camille"]
[Result "1-0"]
[WhiteElo "2179"]
[BlackElo "1890"]
[PlyCount "33"]
[EventDate "2013.06.30"]
[EventType "swiss"]
[EventRounds "9"]
[EventCountry "FRA"]
[SourceTitle "CBM 155 Extra"]
[Source "ChessBase"]
[SourceDate "2013.08.26"]
[SourceVersion "1"]
[SourceVersionDate "2013.08.26"]
[SourceQuality "1"]

1. e4 c5 2. Nf3 d6 3. d4 cxd4 4. Nxd4 Nf6 5. Nc3 a6 6. g3 h5 7. h3 Qc7 8. Bg2 Bd7 9. Bg5 e6 10. 0-0 Nc6 11. a4 Qa5 12. Be3 Be7 13. Nb3 Qb4 14. f4 Na5 15. Na2 Qxa4 16. Nc3 Nc4 17. Nxa4 1-0

[Event "La Roda op 40th"]
[Site "La Roda"]
[Date "2013.03.30"]
[Round "6"]
[White "Saenz Narciso, Miguel Angel"]
[Black "Hernandez, Ivan"]
[Result "1/2-1/2"]
[WhiteElo "2179"]
[BlackElo "2320"]
[PlyCount "36"]
[EventDate "2013.03.27"]
[EventType "swiss"]
[EventRounds "9"]
[EventCountry "ESP"]
[SourceTitle "CBM 153 Extra"]
[Source "ChessBase"]
[SourceDate "2013.04.22"]
[SourceVersion "1"]
[SourceVersionDate "2013.04.22"]
[SourceQuality "1"]

1. e4 c5 2. Nf3 e6 3. d4 cxd4 4. Nxd4 Nc6 5. Nc3 Qc7 6. Be2 a6 7. 0-0 Nf6 8. Be3 Bb4 9. Na4 Be7 10. Nxc6 bxc6 11. Nb6 Rb8 12. Nxc8 Qxc8 13. e5 Nd5 14. Bc1 Bc5 15. c4 Ne7 16. b3 0-0 17. Bb2 Qc7 18. Kh1 a5 1/2-1/2

[Event "Naujac op 14th"]
[Site "Naujac"]
[Date "2011.06.??"]
[Round "1"]
[White "Saenz Narciso, Miguel Angel"]
[Black "Kosten, Anthony C"]
[Result "0-1"]
[WhiteElo "2234"]
[BlackElo "2504"]
[PlyCount "56"]
[EventDate "2011.06.26"]
[EventType "swiss"]
[EventRounds "9"]
[EventCountry "FRA"]
[SourceTitle "EXT 2013"]
[Source "ChessBase"]
[SourceDate "2012.11.22"]
[SourceVersion "1"]
[SourceVersionDate "2012.11.22"]
[SourceQuality "1"]

1. e4 e5 2. Nf3 Nc6 3. Bc4 Nf6 4. d3 Bc5 5. c3 0-0 6. Bb3 a6 7. Bg5 h6 8. Bh4 Be7 9. 0-0 d6 10. h3 Nh5 11. Nxe5 Nxe5 12. Bxe7 Qxe7 13. Qxh5 Nxd3 14. Qf3 Nc5 15. Bc2 Qg5 16. Rd1 f5 17. e5 dxe5 18. Qd5+ Ne6 19. Qxe5 Nf4 20. Bb3+ Kh8 21. Bd5 Rd8 22. g3 Nxd5 23. h4 Qh5 24. Rxd5 Re8 25. Qxc7 Re1+ 26. Kg2 Be6 27. Rd2 f4 28. f3 Rf8 0-1